• 首页
  • 本馆介绍
  • 公告通知
  • 最新文献
  • 馆藏检索
  • 电子资源
  • 读者导购
  • 参考咨询
  • 我的图书馆
  • 登录
  • 详细信息显示
  • 放入我的书架
  • 预约/预借图书
  • 作者相关作品
  • 分类相关作品
  • 丛书相关作品
  • 出版社相关作品

书目信息

  • 表格格式
  • 工作单格式
  • 卡片格式
题名:
南齐书
    
 
作者: 萧子显 撰
分册:  
出版信息: 长春   吉林人民出版社  
页数: 92页
开本: 20cm
丛书名:
单 册:
中图分类: K239.120.42
科图分类:
主题词: 中国--古代史--封建社会
电子资源:
ISBN: 978-7-5402-2187-4
000 00616nam0 2200205 450
001 2432069685
005 20240920085538.74
010    @a978-7-5402-2187-4
100    @a20240920d km y0chiy0120 ea
101 0  @achi
102    @aCN@b220000
200 1  @a南齐书@A@e卷一~卷五九@h@i@f萧子显撰@FXiao Zi Xian Zhuan@g
210    @a长春@c吉林人民出版社
215    @a92页@c@d20cm
517 1  @a卷一~卷五九@AJuan Yi~Juan Wu Jiu
606 0  @a中国@x古代史@x封建社会
690    @aK239.120.42@v4
701  0 @a萧子显@AXiao Zi Xian@4撰
801  0 @aCN@b大连网信软件有限公司图书馆·11@c20240920@g
905    @aZUCC@dK239.120.42@e2
    
    南齐书:卷一~卷五九/萧子显撰.-长春:吉林人民出版社
    92页;20cm
    
    
    ISBN 978-7-5402-2187-4:
    
●
相关链接 在五车中查询图书 在当当中查询图书 在豆瓣中查询图书


正题名:南齐书     索取号:K239.120.42/2         预约/预借

序号 登录号 条形码 馆藏地/架位号 状态 备注
1 2001742327   2001742327   特藏书库/藏005架B面3层3列/ [索取号:K239.120.42/2] 在馆    
山东省滨州职业学院图书馆 欢迎您!
大连网信软件有限公司© 版权所有